Death in 20 different languages - Statistics

General Stats
  • This quiz has been taken 63 times
  • The average score is 13 of 20
Answer Stats
Death Language % Correct
الموت (Almawt) Arabic
98%
смерть (Smert') Russian/Ukrainian
93%
Morte Italian/Portuguese
86%
ölüm Turkish
86%
Tử vong Vietnamese
86%
Død Danish/Norwegian
84%
θάνατος (Thánatos) Greek
84%
死亡 (Sǐwáng) Chinese
81%
Dood Afrikaans/Dutch
79%
मौत (Maut) Hindi
79%
Décès French
77%
Smrt Bosnian/Croatian/Czech/Slovenian
70%
Tod German
70%
مرگ (Marg) Persian
67%
ሞት (Moti) Amharic
63%
Halál Hungarian
47%
Hegh Klingon
26%
Make Hawaiian
23%
Miquiztli Nahuatl
21%
Iku Yoruba
16%
No matching quizzes found
Score Distribution
Percent of People with Each Score
Percentile by Number Answered
Your Score History
You have not taken this quiz